• 首页
  • 本馆介绍
  • 公告通知
  • 最新文献
  • 馆藏检索
  • 电子资源
  • 读者导购
  • 参考咨询
  • 我的图书馆
  • 登录
  • 详细信息显示
  • 放入我的书架
  • 预约/预借图书
  • 作者相关作品
  • 分类相关作品
  • 丛书相关作品
  • 出版社相关作品

书目信息

  • 表格格式
  • 工作单格式
  • 卡片格式
题名:
中国广告25年
    
 
作者: 范鲁斌 著
分册:  
出版信息: 北京   中国大百科全书出版社  2004
页数: 200页
开本: 21cm
丛书名:
单 册:
中图分类: F713.8
科图分类:
主题词: 广告业--历史--中国--1979~2003
电子资源:
ISBN: 7-5000-7134-5
000 00802nam0 2200241 45
001 0900000033619
005 20060104163341.85
010    @a7-5000-7134-5@dCNY20.00
092    @aCN
100    @a20050518d2004 ekmy0chiy0120 ea
101 0  @achi
102    @aCN@b110000
105    @ay z 000yy
200 1  @a中国广告25年@9zhong guo guang gao 25 nian@f范鲁斌著@Ffan lu bin zhu
210    @a北京@c中国大百科全书出版社@d2004
215    @a200页@d21cm
330    @a本书从历史见证者的角度回顾了中国自1979~2003年广告业的发展历程,同时将每一阶段与国家有关的路线、方针、政策以及政府广告管理机构的举措进行了记述。
606 0  @a广告业@x历史@y中国@z1979~2003
690    @aF713.8@v4
701  0 @a范鲁斌@Afan lu bin@4著
801  0 @aCN@bCXYBOOK@c20060104
905    @a10447@dF713.8@e117
999    @aWJ@eJDD
    
    中国广告25年/范鲁斌著.-北京:中国大百科全书出版社,2004
    200页;21cm
    
    
    ISBN 7-5000-7134-5:CNY20.00
    本书从历史见证者的角度回顾了中国自1979~2003年广告业的发展历程,同时将每一阶段与国家有关的路线、方针、政策以及政府广告管理机构的举措进行了记述。
●
相关链接 在E读中查询图书 在五车中查询图书 在当当中查询图书 在豆瓣中查询图书


正题名:中国广告25年     索取号:F713.8/117         预约/预借

序号 登录号 条形码 馆藏地/架位号 状态 备注
1 0373646   203736467   第一样本阅览室/ [索取号:F713.8/117] 在馆    
2 0373647   203736476   第一借阅区/ [索取号:F713.8/117] 在馆    
3 0373648   203736485   第一借阅区/ [索取号:F713.8/117] 在馆    
唐山师范学院图书馆 欢迎您!
大连网信软件有限公司© 版权所有